LEADER 01059nam2 2200301 450 001 000020088 005 20070906151323.0 010 $a88-207-3461-3 100 $a20070611d2003----km-y0itaa50------ba 101 0 $aita 102 $aIT 200 1 $a<> Ionico$fGiorgio Rocco 210 $aNapoli$cLiguori$dc2003 215 $a237 p.$cill.$d31 cm 225 2 $aGuide di ricerca storica e restauro$v4 410 1$12001$aGuide di ricerca storica e restauro$v4 461 1$1001000020087$12001$aGuida alla lettura degli ordini architettonici antichi$v2. 700 1$aRocco,$bGiorgio$0326394 801 0$aIT$bUniversità della Basilicata - B.I.A.$gRICA$2unimarc 912 $a000020088 996 $aIonico$986301 997 $aUNIBAS BAS $aLETTERE CAT $aSTD053$b01$c20070611$lBAS01$h1214 CAT $aSTD052$b01$c20070612$lBAS01$h0912 CAT $aMDL$b00$c20070906$lBAS01$h1513 FMT Z30 -1$lBAS01$LBAS01$mBOOK$1BASA4$APolo di Matera$2GEN$BCollezione generale$3MSR-L III-128$6105621$5L105621$820070611$f02$FPrestabile Generale LEADER 01614nam 2200337 450 001 9910688220003321 005 20230627122935.0 035 $a(CKB)5400000000044154 035 $a(NjHacI)995400000000044154 035 $a(EXLCZ)995400000000044154 100 $a20230627d2020 uy 0 101 0 $aeng 135 $aur||||||||||| 181 $ctxt$2rdacontent 182 $cc$2rdamedia 183 $acr$2rdacarrier 200 00$aGraphene Production and Application /$fedited by Sadia Ameen [and three others] 210 1$aLondon :$cIntechOpen,$d2020. 215 $a1 online resource (106 pages) 311 $a1-83880-252-5 330 $aGraphene is a super thin and strong material with potential to revolutionize the field of technology. As such, graphene is quickly attracting attention from researchers seeking to identify new concepts and applications of this "supermaterial." Graphene Production and Application is a comprehensive and easy-to-understand source of information on the advances in the growing research on graphene. Written by experts in the field, this book covers the topics of synthetic approaches, characterization techniques, and applications of graphene. It is ideally suited for a broad range of readers including students, instructors, and professionals. 606 $aGraphene$xIndustrial applications 615 0$aGraphene$xIndustrial applications. 676 $a662.9 702 $aAmeen$b Sadia 801 0$bNjHacI 801 1$bNjHacl 906 $aBOOK 912 $a9910688220003321 996 $aGraphene Production and Application$92285204 997 $aUNINA